000 02034nim a2200457 i 4500
001 197123
003 ES-MaACL
005 20251017120319.0
007 ss lsnjlcipnne
008 250424s1990 sp nnnn |||| 00| spa d
040 _bspa
_cES-MaACL
100 _aPellicer, James
_9240078
_eaut
245 1 3 _aLa temática femenina en la poesía de Gabriela Mistral, Alfonsina Storni, Juana de Ibarbourou y Delmira Agustini
_h[Grabación sonora] :
_bciclo "La mujer en el arte" /
_cconferencia de James O. Pellicer ; ilustraciones musicales, Julia Casamayor, soprano ; Marisa Arderius, piano
246 1 _aMujer en el arte
260 _aMadrid :
_bAteneo de Madrid,
_c1990
300 _a1 casete (ca. 90 min) :
_bson. ;
_c11 cm
490 1 _3Actos culturales en el Ateneo de Madrid
518 _aGrabado el 3 de junio de 1990 en el Salón de Actos del Ateneo de Madrid
520 2 _aConferencia de James O. Pellicer sobre la influencia de la mujer en el arte
540 _aDocumento inédito
594 _5Datos basados en la invitación.
600 1 4 _aMistral, Gabriela,
_d1889-1957
_9242376
600 1 4 _9108334
_aStorni, Alfonsina,
_d1892-1938
600 1 4 _964946
_aIbarbourou, Juana de
600 0 4 _aAgustini, Demira
_9240084
610 2 0 _aAteneo de Madrid-
_xActos culturales-
_y1990-
_vGrabaciones sonoras
_9240083
650 7 _9146791
_aMujeres-
_xEn el arte
650 7 _aMujeres y literatura
_2embne
_9143612
653 _aArchivo de la palabra
655 0 _aConferencias
_9234444
700 0 _936084
_aCasamayor, Julia
_esng
700 0 _aArderius, Marisa
_9240085
_emus
710 2 _aAteneo de Madrid
_ehis
_91875
710 _aAteneo de Madrid.
_bAgrupación Ateneísta de Estudios sobre la Mujer "Clara Campoamor"
_9240081
_ehis
710 2 _91997
_aAteneo de Madrid.
_bSección de Literatura
_ehis
830 0 _aActos culturales en el Ateneo de Madrid
_9240237
852 _aES-MaACL
_cDEPOZ
_9205052
942 _2udc
_n0
_cCINTASAUD
999 _c197123
_d197123